000 00700nam a2200229Ia 4500
003 OSt
005 20220928133533.0
006 a|||||r|||| 00| 0
007 ta
008 220927b |||||||| |||| 00| 0 eng d
024 _a38275
037 _cTextual
040 _aSDCL
_cSDCL
_beng
041 _2eng
_aeng
082 _aV2:71jN34, P5.1-.2
100 _aSharma R K Ed.
_9395007
245 0 _aRevealing India's past
_b Recent trends in art and archeology
260 _aNew Delhi
_bAryan Books International
_c2005
700 _a Handa Devendra Ed.
_9461609
942 _hV2:71jN34, P5.1-.2
_cTEXL
_2CC
999 _c799987
_d799987